000 00555nam a2200181 a 4500
001 000022209
005 20200930011630.0
008 100920s2002 dr a 000 0 spa d
040 _aDO-SdBNP
_bspa
_cBNPHU
082 _axxx
_bV335a
100 1 _aVásquez R., Narciso
_d1960-
_945939
245 1 0 _aAdministración de la fuerza de venta /
_cNarciso Vásquez R.
250 _a2a ed.
260 _aSanto Domingo :
_b[s.n],
_c2002.
300 _a109 p. :
_bil. ;
_c22 cm.
500 _aIncluye datos biográficos del autor en la contraportada
049 _aBNPD
999 _c21707
_d21707